| 000 | 01449nam0a22002771 4500 | ||
|---|---|---|---|
| 001 | rc\3020376 | ||
| 005 | 20250806201349.0 | ||
| 035 | _a(NLR Aleph) 007162489 | ||
| 090 |
_a23328 _c23328 |
||
| 100 | _a20110927d1941 u y0rusy50 ca | ||
| 101 | 0 | _arus | |
| 102 | _aRU | ||
| 105 | _aa z ||||| | ||
| 200 | 1 |
_aРуководство по сборке, регулировке и уходу за комбайном "Коммунар", переоборудованным для уборки семенников Люцерны и Эспарцета ... _fсост. инж. Всесоюз. ин-та кормов тов. Малий Л.Г. инж. з-да "Коммунар" Лесиным, М.Д., инж. з-да "Коммунар" Зубаревым Г.А. _gНКС Главсельмаш. Гос. завод с.-х. машин "Коммунар" г. Запорожье. Наркомзем СССР. Всесоюз. науч.-исслед. ин-т кормов |
|
| 210 |
_aЗапорожье _cБ. и. _d1941 _gтип. "Коммунар" |
||
| 215 |
_a15 с. _cил., черт. _d20 см |
||
| 700 | 1 |
_aМалий _bЛ.Г. _gЛеонтий Гаврилович |
|
| 701 | 1 |
_aЛесин _bМ.Д. |
|
| 701 | 1 |
_aЗубарев _bГ.А. |
|
| 801 | 0 |
_aRU _bNLR _gpsbo |
|
| 801 | 1 |
_aRU _bELAR _2rusmarc |
|
| 852 |
_aNLR _bС _j20 Г-4/30 |
||
| 942 | _cBOOK | ||
| 945 | _aРоссийская национальная библиотека | ||
| 980 | _aNB | ||
| 980 | _aBV | ||